[Event "Groningen Open"]
[Site "Groningen NED"]
[Date "1989.??.??"]
[Round "7"]
[White "Motwani, Paul"]
[Black "Szymczak, Zbigniew"]
[Result "0-1"]
[WhiteElo "2490"]
[BlackElo "2400"]
[PlyCount "80"]
[EventDate "1989.12.??"]
[Source "www.chesslib.no"]
[SourceDate "2004.05.04"]

1. e4 e5 2. Nf3 Nc6 3. Bc4 Be7 4. d4 d6 5. d5 Nb8 6. Bd3 Nf6 7. c4 O-O 8. h3 Na6 9. Nc3 Ne8 10. Qe2 Nc5 11. Bc2 c6 12. Be3 cxd5 13. Nxd5 Nf6 14. Nc3 Qc7 15. O-O a6 16. Rac1 a5 17. Nh4 g6 18. Nf3 Bd7 19. Nd2 Rfc8 20. Rfd1 a4 21. Ndb1 Bc6 22. Nb5 Qb8 23. N1c3 a3 24. b4 Ne6 25. Nd5 Nxd5 26. cxd5 Bxb5 27. Qxb5 Nd4 28. Bxd4 exd4 29. Bb3 Rc3 30. Qd7 Bg5 31. Rb1 Bf6 32. f4 d3 33. Kh1 Bd4 34. Qb5 Qe8 35. Qxb7 Ra7 36. Ba4 Rxa4 37. b5 Ra7 38. Qc6 Rxc6 39. dxc6 Bb6 40. Re1 Re7 0-1

[Event "Cappelle op"]
[Site "Cappelle la Grande"]
[Date "1997.??.??"]
[Round "6"]
[White "Maric, Mirjana"]
[Black "Sokolov, Andrei"]
[Result "1/2-1/2"]
[WhiteElo "2305"]
[BlackElo "2580"]
[PlyCount "88"]
[EventDate "1997.02.15"]
[Source "ChessBase"]

1. e4 e5 2. Nf3 Nc6 3. Bc4 Be7 4. O-O Nf6 5. d3 O-O 6. Re1 d6 7. c3 Nd7 8. d4 Bf6 9. Bf1 Re8 10. h3 g6 11. Na3 Bg7 12. Nc2 Nf6 13. dxe5 Nxe5 14. Bf4 Bd7 15. Nxe5 dxe5 16. Bg5 h6 17. Bxf6 Bxf6 18. Bc4 Qe7 19. Ne3 c6 20. a4 Rad8 21. Qb3 Bc8 22. Rad1 Kg7 23. Rxd8 Rxd8 24. Rd1 Rxd1+ 25. Qxd1 Bg5 26. Qf3 h5 27. Bf1 Qf6 28. Qxf6+ Kxf6 29. Nc4 Ke6 30. Bd3 b5 31. axb5 cxb5 32. Na3 a6 33. b4 Bc1 34. Nc2 f5 35. exf5+ gxf5 36. Ne3 e4 37. Be2 Bd2 38. c4 bxc4 39. Bxc4+ Ke5 40. Nc2 f4 41. h4 e3 42. Kf1 Bf5 43. Ne1 Bxb4 44. Bxa6 Bxe1 1/2-1/2

[Event "DSV-Turnier"]
[Site "Potsdam"]
[Date "1985.??.??"]
[Round "7"]
[White "Tischbierek, Raj"]
[Black "Sygulski, Artur"]
[Result "1/2-1/2"]
[WhiteElo "2460"]
[BlackElo "2425"]
[PlyCount "100"]
[EventDate "1985.04.03"]
[Source "ChessBase"]

1. e4 e5 2. Nf3 Nc6 3. Bc4 Be7 4. d4 d6 5. h3 Bf6 6. c3 h6 7. Be3 Nge7 8. Bb3 Ng6 9. Nbd2 Nce7 10. O-O O-O 11. Nh2 Kh7 12. Qh5 Ng8 13. dxe5 dxe5 14. Rad1 Qe7 15. g3 Nh8 16. Kg2 g6 17. Qe2 Bg7 18. Qb5 Qd7 19. Qxd7 Bxd7 20. Nc4 Bb5 21. a4 Bc6 22. Na5 Bxe4+ 23. f3 Bf5 24. Nxb7 Ne7 25. Rf2 Bc8 26. Na5 Re8 27. Bc5 Bf8 28. Re2 f6 29. Bc2 Nf5 30. Ng4 Kg7 31. Bf2 Nd6 32. c4 Nb7 33. Nxb7 Bxb7 34. Rd7+ Re7 35. Red2 Bc8 36. Rd8 Nf7 37. Be4 Nxd8 38. Bxa8 Rd7 39. Be3 Rxd2+ 40. Bxd2 g5 41. Ba5 Ne6 42. b4 Bd7 43. b5 Bc5 44. Bd5 Bd4 45. Nf2 Nc5 46. Bxc7 Nxa4 47. Ne4 f5 48. Nd6 Nb6 49. Bxb6 axb6 50. g4 Kf6 1/2-1/2

[Event "XVII Belgrade Trophy"]
[Site "Obrenovac"]
[Date "2004.11.29"]
[Round "8"]
[White "Kiroski, Toni"]
[Black "Stanojoski, Zvonko"]
[Result "1-0"]
[WhiteElo "2377"]
[BlackElo "2506"]
[PlyCount "63"]
[EventDate "2004.11.22"]
[Source "Roberto Alvarez"]
[SourceDate "2004.12.06"]

1. e4 e5 2. Nf3 Nc6 3. Bc4 Be7 4. d4 exd4 5. c3 Na5 6. Qxd4 Nxc4 7. Qxc4 d6 8. Bf4 Nf6 9. Nbd2 O-O 10. O-O c6 11. Nd4 d5 12. exd5 Nxd5 13. Bg3 Bf6 14. Rfe1 Nb6 15. Qc5 Bxd4 16. cxd4 Be6 17. Ne4 Nc8 18. f4 Qb6 19. f5 Bd5 20. f6 g6 21. Qc3 Rd8 22. Qd2 Bxe4 23. Rxe4 Nd6 24. Bxd6 Rxd6 25. Qh6 Rxf6 26. Rh4 Re8 27. Qxh7+ Kf8 28. Qh8+ Ke7 29. Re1+ Re6 30. Rxe6+ fxe6 31. Rh7+ Kd8 32. Qg7 1-0

[Event "Baden-Baden"]
[Site "Baden-Baden"]
[Date "1981.??.??"]
[Round "?"]
[White "Roos, Louis"]
[Black "Ivkov, Borislav"]
[Result "0-1"]
[WhiteElo "2370"]
[BlackElo "2510"]
[PlyCount "80"]
[EventDate "1981.07.??"]
[Source "ChessBase"]

1. e4 e5 2. Nf3 Nc6 3. Bc4 Be7 4. d4 d6 5. dxe5 dxe5 6. Bd5 Bd7 7. O-O Nf6 8. Nc3 Bd6 9. Re1 h6 10. a4 O-O 11. Nb5 a6 12. Na3 Qe7 13. Nc4 Rfd8 14. Qe2 Qe8 15. c3 Be6 16. Bxe6 Qxe6 17. b4 Bf8 18. Rb1 Nd7 19. h3 Ne7 20. Ne3 Nf6 21. Qc4 Rd6 22. Qxc7 Rc8 23. Qa5 Nc6 24. Qc5 Rd1 25. Qc4 Nd4 26. Qf1 Nxf3+ 27. gxf3 Rxe1 28. Qxe1 Qxh3 29. Qe2 Nh5 30. Ng4 Rxc3 31. Be3 Nf4 32. Bxf4 exf4 33. Nh2 Rc6 34. Kh1 Bxb4 35. Rg1 Bf8 36. Qd2 Qh4 37. Rg4 Qf6 38. Rg1 h5 39. Rb1 b6 40. Qd5 g6 0-1

[Event "X Open Anibal"]
[Site "Linares"]
[Date "2003.03.02"]
[Round "3.21"]
[White "Shetty, Rahul"]
[Black "Hoffman, Alejandro"]
[Result "0-1"]
[WhiteElo "2372"]
[BlackElo "2506"]
[PlyCount "58"]
[EventDate "2003.03.01"]
[Source "Roberto Alvarez"]
[SourceDate "2003.03.03"]

1. e4 e5 2. Nf3 Nc6 3. Bc4 Be7 4. O-O Nf6 5. d3 O-O 6. a4 d5 7. exd5 Nxd5 8. Re1 Qd6 9. Nbd2 Nf4 10. Ne4 Qg6 11. Ng3 Bd6 12. h3 Bd7 13. Be3 Rad8 14. Qd2 Kh8 15. Kh2 Qh6 16. Bxf4 exf4 17. Ne4 Be7 18. d4 Bg4 19. d5 Bxf3 20. gxf3 Ne5 21. Be2 f5 22. Nc3 Qh4 23. Bd1 Bc5 24. Rxe5 Bxf2 25. Ne2 Be3 26. Rxe3 Qf2+ 27. Kh1 fxe3 28. Qd4 Qxf3+ 29. Kh2 f4 0-1

[Event "67th ch-GEO KO"]
[Site "Tbilisi GEO"]
[Date "2008.02.15"]
[Round "1.1"]
[White "Sturua, Z."]
[Black "Vepkhvishvili, V."]
[Result "1-0"]
[WhiteElo "2515"]
[BlackElo "2359"]
[PlyCount "51"]
[EventDate "2008.03.15"]
[Source "www.chesslib.no"]
[SourceDate "2004.05.04"]

1. e4 e5 2. Nf3 Nc6 3. Bc4 Be7 4. d4 d6 5. dxe5 dxe5 6. Qxd8+ Bxd8 7. Nc3 a6 8. Be3 Nf6 9. h3 Be7 10. Ng5 O-O 11. O-O-O Nd8 12. f4 exf4 13. Bxf4 h6 14. Nf3 b5 15. Bb3 c6 16. Rhe1 a5 17. a4 b4 18. Ne2 Ne6 19. Ne5 Nxe4 20. Bxe6 Bxe6 21. Nd4 Nc5 22. Nexc6 Bg5 23. Bxg5 hxg5 24. b3 Kh7 25. Re5 Nd7 26. Nxe6 1-0

[Event "Moscow RUS"]
[Site "?"]
[Date "2001.??.??"]
[Round "8"]
[White "Ivanov Victor L"]
[Black "Kholmov Ratmir D"]
[Result "1/2-1/2"]
[WhiteElo "2451"]
[BlackElo "2420"]
[PlyCount "123"]
[EventDate "2001.??.??"]
[Source "www.chesslib.no"]
[SourceDate "2004.05.04"]

1. e4 e5 2. Nf3 Nc6 3. Bc4 Be7 4. O-O Nf6 5. d3 d6 6. c3 Na5 7. Bb5+ Bd7 8. Bxd7+ Qxd7 9. d4 Nxe4 10. dxe5 d5 11. Qe2 O-O-O 12. Rd1 Qf5 13. Nbd2 Bc5 14. Rf1 Rhe8 15. Nb3 Nc6 16. Nbd4 Qd7 17. Bf4 h6 18. Nxc6 Qxc6 19. Nd4 Qd7 20. h3 Bb6 21. Rad1 g5 22. Bh2 f5 23. f3 Nc5 24. f4 Ne6 25. Kh1 Bxd4 26. cxd4 Rg8 27. fxg5 hxg5 28. Rxf5 Nxd4 29. e6 Qxe6 30. Qxe6+ Nxe6 31. Rfxd5 Rxd5 32. Rxd5 Rd8 33. Rxd8+ Kxd8 34. Be5 Kd7 35. Kh2 Nc5 36. Kg3 Nd3 37. Bf6 Ke6 38. Bxg5 Kf5 39. Bd8 c5 40. b3 Nc1 41. Be7 b6 42. Kf3 Nxa2 43. g4+ Ke6 44. Bg5 a5 45. Ke4 b5 46. Bd2 Nb4 47. h4 a4 48. bxa4 bxa4 49. g5 a3 50. h5 a2 51. Bc3 Nd5 52. Ba1 c4 53. h6 c3 54. h7 c2 55. h8=Q c1=Q 56. Qe5+ Kf7 57. Qxd5+ Kg6 58. Qf5+ Kh5 59. Qh3+ Kxg5 60. Qf5+ Kh6 61. Qe6+ Kh5 62. Kd5 1/2-1/2

[Event "Ptuj"]
[Site "Ptuj"]
[Date "1991.??.??"]
[Round "10"]
[White "Zlatilov, Ivailo"]
[Black "Dizdarevic, Emir"]
[Result "1/2-1/2"]
[WhiteElo "2365"]
[BlackElo "2505"]
[PlyCount "21"]
[EventDate "1991.04.??"]
[Source "ChessBase"]

1. e4 e5 2. Nf3 Nc6 3. Bc4 Be7 4. d4 d6 5. dxe5 dxe5 6. Qxd8+ Bxd8 7. Nc3 f6 8. a4 Nb4 9. Bb3 a5 10. Be3 Ne7 11. O-O-O 1/2-1/2

[Event "Bodensee-Cup"]
[Site "Germany"]
[Date "1996.??.??"]
[Round "1"]
[White "Reich, Thomas"]
[Black "Beikert, Guenther"]
[Result "0-1"]
[WhiteElo "2400"]
[BlackElo "2455"]
[PlyCount "78"]
[EventDate "1996.??.??"]
[Source "ChessBase"]

1. e4 e5 2. Nf3 Nc6 3. Bc4 Be7 4. d4 d6 5. dxe5 Nxe5 6. Nxe5 dxe5 7. Qxd8+ Bxd8 8. a4 Be7 9. Be3 f5 10. exf5 Bxf5 11. Nc3 O-O-O 12. Bxa7 Nf6 13. O-O Rd2 14. Be3 Rxc2 15. Ra2 Bb4 16. Bb3 Rxb2 17. Rxb2 Bxc3 18. Ra2 Ng4 19. Bc5 Bd4 20. Bxd4 exd4 21. Re1 Nf6 22. f3 Re8 23. Rxe8+ Nxe8 24. g4 Bd7 25. a5 Nd6 26. Bc2 h6 27. Bd3 Bb5 28. Bxb5 Nxb5 29. Kf2 Nc3 30. a6 Kb8 31. Ra5 b5 32. Ke1 b4 33. f4 Ka7 34. g5 b3 35. Ra3 b2 36. Rb3 b1=Q+ 37. Rxb1 Nxb1 38. gxh6 gxh6 39. f5 d3 0-1

[Event "Holguin"]
[Site "?"]
[Date "1989.??.??"]
[Round "?"]
[White "Sariego, W."]
[Black "Djuric, S."]
[Result "1/2-1/2"]
[WhiteElo "2380"]
[BlackElo "2475"]
[PlyCount "67"]
[EventDate "1989.??.??"]
[Source "ChessBase"]
[SourceDate "1989.01.01"]

1. e4 e5 2. Nf3 Nc6 3. Bc4 Be7 4. d4 exd4 5. Nxd4 Nf6 6. Nc3 O-O 7. O-O d6 8. Re1 Bg4 9. Be2 Nxd4 10. Qxd4 Bxe2 11. Rxe2 Re8 12. Bd2 c6 13. a4 a6 14. a5 Qc7 15. Qc4 Rac8 16. h3 Bf8 17. Bf4 Re6 18. Rd2 Rce8 19. Ra4 h6 20. Rb4 Nxe4 21. Nxe4 Rxe4 22. Qxe4 Rxe4 23. Rxe4 g5 24. Be3 Qxa5 25. Re8 d5 26. c4 f5 27. cxd5 f4 28. d6 fxe3 29. d7 Qxd2 30. d8=Q Qxf2+ 31. Kh2 Qf4+ 32. Kh1 Qf1+ 33. Kh2 Qf4+ 34. Kh1 1/2-1/2

[Event "Cappelle op 18th"]
[Site "Cappelle la Grande"]
[Date "2002.02.09"]
[Round "1"]
[White "Zhang Pengxiang"]
[Black "Mancini, Mario"]
[Result "1-0"]
[WhiteElo "2522"]
[BlackElo "2332"]
[PlyCount "77"]
[EventDate "2002.02.09"]
[Source "ChessBase"]
[SourceDate "2002.03.14"]

1. e4 e5 2. Nf3 Nc6 3. Bc4 Be7 4. d4 d6 5. d5 Nb8 6. Bd3 Nf6 7. c4 Nbd7 8. Nc3 O-O 9. Rb1 Nc5 10. Bc2 a5 11. a3 c6 12. O-O cxd5 13. cxd5 Bg4 14. h3 Bxf3 15. Qxf3 a4 16. Be3 Nfd7 17. Qg4 Kh8 18. g3 h6 19. h4 Bf6 20. Kg2 Be7 21. Rbc1 Qa5 22. Rh1 b5 23. Na2 Nf6 24. Qf3 Na6 25. g4 Qd8 26. g5 Ng8 27. Bd3 Qd7 28. Rc6 Nb8 29. Rb6 Ra5 30. Nc3 Qd8 31. Rxb5 Rxb5 32. Bxb5 Nd7 33. Bxa4 Nc5 34. Bc2 Qc7 35. Rc1 Qb7 36. b4 Nd7 37. Ba4 f6 38. Bc6 Qc8 39. Qh3 1-0

[Event "SLO-chT"]
[Site "Bled"]
[Date "1999.11.13"]
[Round "6"]
[White "Jeric, Simon"]
[Black "Petrosian, Arshak B"]
[Result "1/2-1/2"]
[WhiteElo "2340"]
[BlackElo "2514"]
[PlyCount "25"]
[EventDate "1999.11.08"]
[Source "www.chesslib.no"]
[SourceDate "2004.05.04"]

1. e4 e5 2. Nf3 Nc6 3. Bc4 Be7 4. d4 d6 5. dxe5 dxe5 6. Qxd8+ Bxd8 7. c3 f6 8. Be3 Na5 9. Bd3 Be6 10. Nfd2 b6 11. Na3 Ne7 12. f3 c6 13. Nac4 1/2-1/2

[Event "Ljubljana op"]
[Site "Ljubljana"]
[Date "1997.??.??"]
[Round "5"]
[White "Sveshnikov, Evgeny"]
[Black "Ceko, Jovan"]
[Result "1-0"]
[WhiteElo "2560"]
[BlackElo "2280"]
[PlyCount "81"]
[EventDate "1997.??.??"]
[Source "www.chesslib.no"]
[SourceDate "2004.05.04"]

1. e4 e5 2. Nf3 Nc6 3. Bc4 Be7 4. d4 exd4 5. O-O Nf6 6. Re1 O-O 7. Nxd4 d6 8. Nc3 Bg4 9. f3 Bd7 10. Be3 Nxd4 11. Qxd4 Bc6 12. Rad1 Nd7 13. Nd5 Bf6 14. Nxf6+ Qxf6 15. Qd2 h6 16. Bd4 Qg6 17. Re3 Ne5 18. Be2 Qg5 19. g3 Ng6 20. Bc4 d5 21. exd5 Bxd5 22. Bxd5 Qxd5 23. Qc3 f6 24. Red3 Qe6 25. Qxc7 Rf7 26. Qa5 Rc8 27. Bc3 b6 28. Qd5 Qxd5 29. Rxd5 Rcc7 30. R1d2 Nf8 31. Bb4 Nd7 32. b3 Ne5 33. Kf2 Nc6 34. Ba3 Kh7 35. h4 Kg6 36. h5+ Kh7 37. c4 g6 38. g4 gxh5 39. gxh5 Rg7 40. Bb2 Rgf7 41. Rd6 1-0

[Event "Czech Open GMA"]
[Site "Pardubice CEC"]
[Date "2007.07.27"]
[Round "8"]
[White "Nun, Ji"]
[Black "Zilberman, Y."]
[Result "1-0"]
[WhiteElo "2366"]
[BlackElo "2473"]
[PlyCount "143"]
[EventDate "2007.07.20"]
[Source "www.chesslib.no"]
[SourceDate "2004.05.04"]

1. e4 e5 2. Nf3 Nc6 3. Bc4 Be7 4. O-O d6 5. c3 Nf6 6. d3 O-O 7. Bb3 h6 8. Re1 Kh8 9. Nbd2 Nh7 10. Nf1 f5 11. exf5 Bxf5 12. h3 Ng5 13. Bxg5 Bxg5 14. Ng3 Bg6 15. Nxg5 Qxg5 16. Re3 Rad8 17. Qd2 d5 18. Re2 Qh4 19. Rae1 Rd6 20. a3 a6 21. Bc2 Rdf6 22. Nh1 Bf7 23. f3 Be6 24. d4 Bf5 25. Bxf5 Rxf5 26. dxe5 Ne7 27. e6 Ng6 28. g3 Qe7 29. f4 h5 30. h4 Nxf4 31. gxf4 Rxf4 32. Rg2 Qxh4 33. e7 Re8 34. Re5 c6 35. Qe2 Kg8 36. Nf2 Rf7 37. Rxh5 Rexe7 38. Rxh4 Rxe2 39. Nd3 Re3 40. Nc5 a5 41. Rhg4 b6 42. Na4 b5 43. Nc5 Kf8 44. Rg6 Rf5 45. Rf2 Re1+ 46. Kg2 Rxf2+ 47. Kxf2 Rb1 48. b3 Ra1 49. Rxc6 Rxa3 50. Ne6+ Ke7 51. Nd4 a4 52. b4 Ra1 53. Ke3 g5 54. Nc2 Rc1 55. Kd2 Rg1 56. Ne3 g4 57. Rg6 a3 58. Ra6 g3 59. Ke2 Ra1 60. Nf5+ Kd7 61. Nxg3 a2 62. Nf1 Rc1 63. Rxa2 Rxc3 64. Nd2 d4 65. Ra1 Kc6 66. Rh1 Ra3 67. Rh6+ Kc7 68. Rh4 Re3+ 69. Kd1 Rd3 70. Kc2 Rc3+ 71. Kb2 Rd3 72. Nb3 1-0

[Event "New York op"]
[Site "New York"]
[Date "1987.??.??"]
[Round "?"]
[White "Rachels, Stuart"]
[Black "Ivkov, Borislav"]
[Result "0-1"]
[WhiteElo "2355"]
[BlackElo "2480"]
[PlyCount "86"]
[EventDate "1987.04.??"]
[Source "ChessBase"]

1. e4 e5 2. Nf3 Nc6 3. Bc4 Be7 4. d4 d6 5. dxe5 dxe5 6. Bd5 Bd7 7. O-O Nf6 8. Nbd2 Nxd5 9. exd5 Nb4 10. Nxe5 O-O 11. Nxd7 Qxd7 12. c4 Qf5 13. Qf3 Qg6 14. Ne4 Nc2 15. Rb1 Rae8 16. Bf4 Nd4 17. Qd3 Bb4 18. f3 Nxf3+ 19. Rxf3 Rxe4 20. Rg3 Qb6+ 21. Be3 Rxe3 22. Rxe3 Bc5 23. Kf2 Re8 24. Rbe1 Qxb2+ 25. Kg3 Bxe3 26. Rxe3 Rxe3+ 27. Qxe3 g6 28. Qxa7 Qe5+ 29. Kf3 Qc3+ 30. Kf2 Qxc4 31. Qxb7 Qxa2+ 32. Kf3 Qa3+ 33. Kf2 Qd6 34. h3 h5 35. Qa8+ Kg7 36. Qa2 Qe5 37. Qc4 g5 38. Qd3 Kf6 39. Kf1 Qf5+ 40. Ke2 Qxd3+ 41. Kxd3 Ke5 42. Kc4 h4 43. Kc5 f5 0-1

[Event "Moscow4"]
[Site "Moscow"]
[Date "1992.??.??"]
[Round "?"]
[White "Sokolovs, Andrei"]
[Black "Suetin, Alexey S"]
[Result "1/2-1/2"]
[WhiteElo "2435"]
[BlackElo "2400"]
[PlyCount "82"]
[EventDate "1992.??.??"]
[Source "ChessBase"]

1. e4 e5 2. Nf3 Nc6 3. Bc4 Be7 4. O-O Nf6 5. d3 d6 6. c3 O-O 7. Bb3 Na5 8. Bc2 c5 9. Nbd2 Qc7 10. Re1 Nc6 11. Nf1 Re8 12. Ng3 h6 13. h3 Bf8 14. Nh2 Be6 15. Ng4 Nxg4 16. hxg4 Rad8 17. Nf5 d5 18. Qf3 f6 19. Bb3 d4 20. Bxe6+ Rxe6 21. c4 a6 22. Bd2 b5 23. Rac1 Rb8 24. b3 Qd7 25. Qd1 Kh7 26. g3 g6 27. Nh4 bxc4 28. Rxc4 Nb4 29. Bxb4 Rxb4 30. f4 Rxc4 31. Nxg6 Re8 32. Nxf8+ Rxf8 33. bxc4 exf4 34. gxf4 Rg8 35. f5 Qd6 36. Qf3 h5 37. Re2 Rxg4+ 38. Rg2 Qf4 39. Qxf4 Rxf4 40. Rg6 Rg4+ 41. Rxg4 hxg4 1/2-1/2

[Event "JUG-ch"]
[Site "JUG"]
[Date "1984.??.??"]
[Round "7"]
[White "Abramovic, Bosko"]
[Black "Basagic, Zlatko"]
[Result "1/2-1/2"]
[WhiteElo "2495"]
[BlackElo "2340"]
[PlyCount "81"]
[EventDate "1984.02.??"]
[Source "ChessBase"]

1. e4 e5 2. Nf3 Nc6 3. Bc4 Be7 4. O-O d6 5. c3 Nf6 6. d3 O-O 7. Re1 Ne8 8. Nbd2 g6 9. d4 Bf6 10. Nb3 Bg4 11. Be3 Ng7 12. h3 Bd7 13. a4 a6 14. a5 Qc8 15. Qd2 Nh5 16. Rad1 Bg7 17. Bh6 b5 18. axb6 cxb6 19. Bxg7 Kxg7 20. dxe5 Nxe5 21. Be2 Ba4 22. Nfd4 Nf6 23. Bf1 Re8 24. Qc1 Ned7 25. Qf4 Re5 26. Ra1 Bxb3 27. Nxb3 Nc5 28. Nd2 b5 29. Nf3 Ne6 30. Qd2 Rxe4 31. Qxd6 Qb7 32. Rxe4 Nxe4 33. Qe5+ Kg8 34. Re1 N4c5 35. h4 h5 36. b4 Nd7 37. Qd6 Nf6 38. Ng5 Rd8 39. Qg3 Nxg5 40. Qxg5 Kg7 41. g3 1/2-1/2

[Event "Le Touquet op"]
[Site "Le Touquet"]
[Date "1998.??.??"]
[Round "2"]
[White "Tseshkovsky, Vitaly"]
[Black "Villeneuve, Alain"]
[Result "1-0"]
[WhiteElo "2510"]
[BlackElo "2320"]
[PlyCount "125"]
[EventDate "1998.??.??"]
[Source "www.chesslib.no"]
[SourceDate "2004.05.04"]

1. e4 e5 2. Nf3 Nc6 3. Bc4 Be7 4. d4 d6 5. dxe5 dxe5 6. Qxd8+ Bxd8 7. c3 Nge7 8. Be3 f6 9. h4 Na5 10. Be2 Be6 11. Nbd2 Nc8 12. b4 Nc6 13. Nb3 Nd6 14. Nc5 Bc8 15. Nd2 b6 16. Na6 Nb8 17. Nxb8 Rxb8 18. c4 Be6 19. c5 Nb7 20. O-O Be7 21. Rfc1 bxc5 22. b5 Bd6 23. Nb3 Ke7 24. Nxc5 Nxc5 25. Bxc5 Rhc8 26. a4 Bxc5 27. Rxc5 Bd7 28. Rac1 Kd6 29. Rd5+ Ke7 30. Rxd7+ Kxd7 31. Bg4+ Ke7 32. Bxc8 Rxc8 33. Rc6 h5 34. Ra6 Ra8 35. g4 hxg4 36. Kg2 Kd7 37. Kg3 c5 38. bxc6+ Kd6 39. Kxg4 Ke6 40. h5 Kd6 41. f3 Ke6 42. a5 Kd6 43. Kf5 Rh8 44. Kg6 Rh6+ 45. Kxg7 Rxh5 46. Kxf6 Rh6+ 47. Kf5 Rh5+ 48. Kg4 Rh8 49. c7+ Kxc7 50. Rxa7+ Kd6 51. Rg7 Rh1 52. Kf5 Rh3 53. Rg6+ Ke7 54. Kxe5 Rxf3 55. Rg7+ Kf8 56. Ra7 Re3 57. a6 Ra3 58. Ra8+ Kf7 59. a7 Kg7 60. Kd4 Ra1 61. e5 Rd1+ 62. Kc3 Ra1 63. e6 1-0

[Event "Le Touquet IM"]
[Site "?"]
[Date "2000.10.30"]
[Round "4"]
[White "Gurevich Vladimir"]
[Black "Mancini Mario"]
[Result "1/2-1/2"]
[WhiteElo "2499"]
[BlackElo "2329"]
[PlyCount "43"]
[EventDate "2000.??.??"]
[Source "www.chesslib.no"]
[SourceDate "2004.05.04"]

1. e4 e5 2. Nf3 Nc6 3. Bc4 Be7 4. d4 d6 5. Nc3 Nf6 6. h3 O-O 7. O-O Nxe4 8. Nxe4 d5 9. Bxd5 Qxd5 10. Nc3 Qd6 11. d5 Nb8 12. Qe2 f6 13. Nb5 Qd8 14. c4 a6 15. Nc3 Nd7 16. Rb1 a5 17. b3 Nc5 18. Be3 Bd7 19. Rfd1 b6 20. Nb5 Bxb5 21. cxb5 Bd6 22. a3 1/2-1/2

[Event "Frunze"]
[Site "Frunze"]
[Date "1983.??.??"]
[Round "?"]
[White "Barua, Dibyendu"]
[Black "Mokry, Karel"]
[Result "0-1"]
[WhiteElo "2390"]
[BlackElo "2435"]
[PlyCount "90"]
[EventDate "1983.05.??"]
[Source "ChessBase"]

1. e4 e5 2. Nf3 Nc6 3. Bc4 Be7 4. Nc3 d6 5. h3 Nf6 6. d4 O-O 7. O-O a6 8. a4 h6 9. Be3 Re8 10. Qe2 Bf8 11. Rad1 Bd7 12. Bb3 exd4 13. Nxd4 Nxd4 14. Bxd4 Be6 15. f4 Bxb3 16. cxb3 c6 17. Qf3 Nd7 18. Kh1 Qc7 19. Qg4 b5 20. Rd3 b4 21. Rg3 Nc5 22. Bxg7 h5 23. Qxh5 Bxg7 24. Rxg7+ Kxg7 25. f5 Rg8 26. e5 dxe5 27. Qg4+ Kf8 28. Qxb4 Qd6 29. Rd1 Rb8 30. Qc4 Qe7 31. f6 Qa7 32. b4 Ne6 33. Qxc6 Qb7 34. Qd6+ Ke8 35. Ne4 Rxg2 36. Kxg2 Qxe4+ 37. Kh2 Qxb4 38. Qd7+ Kf8 39. Rd2 Qf4+ 40. Kh1 Qf3+ 41. Kh2 Qf4+ 42. Kh1 Qb4 43. Rc2 Rd8 44. Rc8 Qe4+ 45. Kg1 Qg6+ 0-1

[Event "Bad Woerishofen op 18th"]
[Site "?"]
[Date "2002.??.??"]
[Round "6"]
[White "Jenni Florian"]
[Black "Olarasu Gabriela"]
[Result "1-0"]
[WhiteElo "2525"]
[BlackElo "2295"]
[PlyCount "73"]
[EventDate "2002.??.??"]
[Source "www.chesslib.no"]
[SourceDate "2004.05.04"]

1. e4 e5 2. Nf3 Nc6 3. Bc4 Be7 4. d4 d6 5. O-O Nf6 6. Re1 Bg4 7. d5 Nd4 8. Nbd2 O-O 9. h3 Nxf3+ 10. Nxf3 Bd7 11. Bd3 h6 12. c4 Nh7 13. Be3 Ng5 14. Nd2 Nh7 15. Qc2 Bg5 16. c5 Bxe3 17. Rxe3 Nf6 18. b4 a5 19. c6 bxc6 20. dxc6 Be6 21. b5 d5 22. Ree1 dxe4 23. Nxe4 Nd5 24. Nc5 Nb4 25. Qc3 Bxa2 26. Rad1 Nxd3 27. Rxd3 Qc8 28. Rxe5 a4 29. Nd7 f6 30. Re7 Rf7 31. Rxf7 Kxf7 32. b6 Qe8 33. b7 Rd8 34. Re3 Be6 35. Qb4 a3 36. Qxa3 Qg8 37. Rxe6 1-0

[Event "olm"]
[Site "Novi Sad YUG"]
[Date "1990.??.??"]
[Round "1"]
[White "Gomez Baillo, Jorge H"]
[Black "Ferreira, Nelson Castelo Bran"]
[Result "1/2-1/2"]
[WhiteElo "2435"]
[BlackElo "2385"]
[PlyCount "83"]
[EventDate "1990.??.??"]
[Source "www.chesslib.no"]
[SourceDate "2004.05.04"]

1. e4 e5 2. Nf3 Nc6 3. Bc4 Be7 4. O-O Nf6 5. d3 d6 6. c3 O-O 7. Bb3 a6 8. Re1 Na5 9. Bc2 c5 10. Nbd2 Re8 11. Nf1 b5 12. d4 Qc7 13. h3 Bb7 14. d5 Bc8 15. b3 Bd7 16. Ne3 g6 17. c4 Rab8 18. Bd2 Nh5 19. Kh2 Rf8 20. Rg1 Nf4 21. h4 Kh8 22. g3 Nh5 23. Bc3 b4 24. Bb2 Nb7 25. Ne1 Ng7 26. N3g2 f5 27. f4 Rf7 28. exf5 gxf5 29. h5 Rg8 30. Qe2 Rf6 31. Rh1 Nd8 32. Kg1 Nf7 33. Kf2 Nh6 34. Nh4 Rgf8 35. Nhf3 Nf7 36. Ng2 e4 37. Nfh4 Nh6 38. Ne3 Be8 39. Nhg2 R6f7 40. Nh4 Rf6 41. Nhg2 R6f7 42. Nh4 1/2-1/2

[Event "Jyvaskyla op2"]
[Site "Jyvaskyla"]
[Date "1996.??.??"]
[Round "5"]
[White "Gurevich, Vladimir"]
[Black "Maidla, Vallo"]
[Result "1/2-1/2"]
[WhiteElo "2445"]
[BlackElo "2370"]
[PlyCount "27"]
[EventDate "1996.??.??"]
[Source "www.chesslib.no"]
[SourceDate "2004.05.04"]

1. e4 e5 2. Nf3 Nc6 3. Bc4 Be7 4. d4 d6 5. Bb5 Bd7 6. Nc3 exd4 7. Nxd4 Nxd4 8. Bxd7+ Qxd7 9. Qxd4 Bf6 10. Qd3 Ne7 11. O-O O-O 12. Be3 Bxc3 13. Qxc3 Qc6 14. Bd4 1/2-1/2

[Event "Calviá ol (Men)"]
[Site "Mallorca"]
[Date "2004.10.22"]
[Round "7.41"]
[White "Zambrana, Oswaldo"]
[Black "Najjar, Ahmad"]
[Result "1-0"]
[WhiteElo "2473"]
[BlackElo "2337"]
[PlyCount "85"]
[EventDate "2004.10.15"]
[Source "Roberto Alvarez"]
[SourceDate "2004.10.25"]

1. e4 e5 2. Nf3 Nc6 3. Bc4 Be7 4. O-O Nf6 5. d3 O-O 6. Re1 d6 7. a4 Bd7 8. Nc3 Na5 9. Ba2 c5 10. Bg5 Nc6 11. h3 Rc8 12. Bxf6 Bxf6 13. Nd5 g6 14. c3 Bg7 15. b4 Ne7 16. Bc4 h6 17. Qb3 cxb4 18. cxb4 Kh7 19. Rec1 f5 20. Nxe7 Qxe7 21. Bd5 b6 22. b5 Rc5 23. Rxc5 dxc5 24. a5 fxe4 25. dxe4 Qf6 26. axb6 axb6 27. Ra7 Bxh3 28. Rc7 Bg4 29. Rc6 Qd8 30. Nd2 Be2 31. Nc4 Bxc4 32. Qxc4 h5 33. Qa2 h4 34. Bf7 Qg5 35. Bxg6+ Kh8 36. Bf5 Qc1+ 37. Kh2 Bh6 38. Qe2 Rg8 39. g3 hxg3+ 40. fxg3 Rd8 41. Qf3 c4 42. Bh3 Rf8 43. Qh5 1-0

[Event "Bundesliga 9697"]
[Site "Germany"]
[Date "1996.??.??"]
[Round "?.7"]
[White "Velicka, Petr"]
[Black "Hedke, Fred"]
[Result "1/2-1/2"]
[WhiteElo "2430"]
[BlackElo "2380"]
[PlyCount "146"]
[EventDate "1996.10.??"]
[Source "ChessBase"]
[SourceDate "1999.07.01"]

1. e4 e5 2. Nf3 Nc6 3. Bc4 Be7 4. O-O d6 5. Bb3 Nf6 6. Re1 O-O 7. c3 b6 8. d3 Bb7 9. Nbd2 Na5 10. Bc2 c5 11. Nf1 Nc6 12. Ng3 g6 13. Bh6 Re8 14. Rc1 Ng4 15. Bd2 Nf6 16. Bh6 Ng4 17. Bd2 Nf6 18. d4 Bf8 19. Ba4 Re7 20. d5 Nb8 21. c4 Bg7 22. Rc3 Bc8 23. h3 Bd7 24. a3 Bxa4 25. Qxa4 Qe8 26. Qc2 Rc7 27. Qc1 Nbd7 28. Nh2 a6 29. Ng4 Bf8 30. Bh6 b5 31. Qg5 Kh8 32. Bxf8 Qxf8 33. Nh6 Qg7 34. Ng4 Rb8 35. Re2 Rcb7 36. cxb5 Rxb5 37. Rcc2 Rb3 38. Nxf6 Qxf6 39. Qxf6+ Nxf6 40. Nf1 Kg7 41. g3 h5 42. h4 Ng4 43. Kg2 f5 44. f3 Nf6 45. exf5 gxf5 46. Ne3 Kg6 47. Nc4 Rd8 48. Rcd2 e4 49. Re3 Rdb8 50. fxe4 Nxe4 51. Rdd3 Rxb2+ 52. Nxb2 Rxb2+ 53. Kg1 c4 54. Rd1 c3 55. Rc1 Rd2 56. Rcxc3 Nxc3 57. Rxc3 Rxd5 58. Kf2 Kf6 59. Kf3 Rd4 60. Re3 a5 61. Re8 Ra4 62. Rf8+ Ke6 63. Re8+ Kf7 64. Rh8 Rxa3+ 65. Kf4 Ra4+ 66. Kxf5 Rg4 67. Ra8 a4 68. Ra7+ Kg8 69. Ke6 Rxg3 70. Rxa4 Rg6+ 71. Kf5 Kh7 72. Ra7+ Kh6 73. Rd7 Rg4 1/2-1/2